words start S [250 common english word] - Statistics

General Stats
  • This quiz has been taken 8 times
  • The average score is 16 of 27
Answer Stats
lp Answer % Correct
6 sea
100%
7 see
100%
16 so
100%
17 some
100%
27 sun
100%
2 same
86%
10 set
86%
4 saw
71%
3 say
71%
14 side
71%
15 small
71%
1 said
57%
11 she
57%
13 should
57%
18 sound
57%
24 still
57%
26 such
57%
12 show
43%
20 stand
43%
21 start
43%
25 story
43%
5 school
29%
19 spell
29%
22 state
29%
23 steady
29%
8 self
14%
9 sentence
14%
No matching quizzes found
Score Distribution
Percent of People with Each Score
Percentile by Number Answered
Your Score History
You have not taken this quiz